Dìèslìvno-ìmennì opisovi zvoroti u funkcìï skladenovo prisudka

Elmentve itt :
Bibliográfiai részletek
Szerző: Sulima Olesâ Petrìvna
Dokumentumtípus: Cikk
Megjelent: 2011
Sorozat:Dissertationes slavicae. sectio linguistica 29
Kulcsszavak:Nyelvtudomány
Online Access:http://acta.bibl.u-szeged.hu/29135
LEADER 00656nab a2200181 i 4500
001 acta29135
005 20210310144024.0
008 161017s2011 hu o 0|| ukr d
022 |a 0237-9554 
040 |a SZTE Egyetemi Kiadványok Repozitórium  |b hun 
041 |a ukr 
100 1 |a Sulima Olesâ Petrìvna 
245 1 0 |a Dìèslìvno-ìmennì opisovi zvoroti u funkcìï skladenovo prisudka  |h [elektronikus dokumentum] /  |c  Sulima Olesâ Petrìvna 
260 |c 2011 
300 |a 53-64 
490 0 |a Dissertationes slavicae. sectio linguistica  |v 29 
695 |a Nyelvtudomány 
856 4 0 |u http://acta.bibl.u-szeged.hu/29135/1/slavicae_029_053-064.pdf  |z Dokumentum-elérés